000 00864pam a2200301 a 4500
999 _c5713
_d5713
001 5713
003 BD-JhCC
005 20171220114001.0
008 850909s1986 caua 000 0 eng
020 _a0534058388 (pbk.) :
_c$9.95
035 _a(BD-JhCC)5713
040 _aDLC
_cDLC
_dDLC
_dBD-JhCC
041 _aeng
050 0 0 _aPE1122
_b.C572 1986
082 0 0 _a428.6
_219
_bCOL 1986
245 0 0 _aCollege reading.
_pBook 2 /
_c[compiled by] Janet Maker, Minnette Lenier.
250 _a2nd ed.
260 _aBelmont, Calif. :
_bWadsworth Pub. Co.,
_cc1986.
300 _axv, 399 p. :
_bill. ;
_c24 cm.
500 _aSpine title: College reading 2.
650 0 _aCollege readers.
650 0 _aReading (Higher education)
700 1 _aMaker, Janet.
700 1 _aLenier, Minnette.
740 0 _aCollege reading 2.
942 _2ddc
_cBK